01930nam a2200421 a 4500008004100000020001500041041000800056092001900064100002600083245007800109250004100187260005900228300001100287500017900298653003200477653003200509653004900541653004300590653001600633653003500649653001700684653001900701653002400720653002900744653002700773653004900800653003300849653003700882653005400919653004700973653007501020700002901095700002801124942001201152999001501164952015201179952017701331110706t1995 ag al. f |||| 001 0 spa d a9500615177 aspa c616.3l58sNYH1 aNyhus, Lloyd M.93254 aDolor abdominal.bGuía para el diagnóstico rápido /cLloyd M. Nyhus a1a ed.bTraducción Nora G. Meeroff aBuenos Aires:bEditorial Médica Panamericana;c1994. a270 p. aNyhus, L. M., Vitello, J. M. y Condon, R. E. (Col.). (1994). Dolor abdominal. Guía para el diagnóstico rápido. (1a ed.). Buenos Aires : Editorial Médica Panamericana. aSíntomas y su significado aExamen físico del abdomen aLaparoscopia como auxiliar del diagnóstico aInvestigaciones auxiliares de urgencia aApendicitis aPatología de la vía biliar aPancreatitis aDiverticulitis aVíscera perforada aObstrucción intestinal aIsquemia mesentérica aEvaluación de los traumatismos abdominales aDolor abdominal en el niño aDolor pelviano agudo en la mujer aDolor abdominal en el paciente inmunocomprometido aCausas no quirúrgicas de dolor abdominal aManejo clínico del dolor abdominal cuando el diagnóstico es dudoso1 aVitello, Joseph M.932551 aCondon, Robert E.93256 2ddccBK c2427d2427 00102ddc4070aBFMbBFMcCRd2017-08-07eDonación Agosto 2017l0o616.3 58 NYH p3881r2017-08-07tEj.1w2017-08-07yBKzDonación Agosto 2017 00102ddc4070aBFMbBFMcCRd2019-03-12eDonación Franco Rueda, marzo 2019l0o616.3 58 NYHp4412r2019-03-12tEj.2w2019-03-12yBKzDonación Franco Rueda, marzo 2019